| 000 | 00541nam a2200181Ia 4500 | ||
|---|---|---|---|
| 001 | 60696 | ||
| 008 | 080105n2015 ii |||gr||||Z||||||465 | ||
| 020 | _a9789351501725 | ||
| 082 | _a306.0954 | ||
| 100 |
_aBhaumik, Subir, _eAuthor. |
||
| 245 | 0 |
_aTroubled periphery : _bCrisis of India`s Nort East / _cby Subir Bhaumik . _hTextual Documents |
|
| 250 | _aFirst paperback ed. | ||
| 260 |
_aLondon _bSage Publications _c2015 |
||
| 300 |
_axxiv, 305pg: _c23cm. |
||
| 653 | _aNE section | ||
| 653 | _aTroubled periphery, Crisis | ||
| 942 |
_2ddc _cBK |
||
| 999 |
_c61824 _d61824 |
||